000 06771nam0a22007571 4500
001 RU\NLR\A1\303
005 20260407112119.0
035 _a(NLR Aleph) 009670470
090 _a9658796
_c9658796
100 _a19960511d1795 k y0rusy50 ca
101 1 _arus
_clat
102 _aRU
135 _acrcn 024anaba
140 _ay y aa yaa0000
200 1 _aТри книги Блаженнаго Августина:
_eпервая О подвиге христианина, содержащая в себе правило веры, и наставления жизни. Вторая Ручник о трех евангельских добродетелях: вере, надежде и любви, где истинный образ богопочтения, и истинная премудрость человеческая, кратко изображены. Третия Мысли, выбранныя из его же сочинений Проспером Аквитанским, содержащая в себе 390 статей,
_eа к ним приложен Разговор о Святей Троице, тогож Б[лаженного] А[вгустина]
_f[перевел И. С. Тодорский]
210 _aВ Санктпетербурге
_cпечатаны в типографии Святейшаго правительствующаго Синода
_d1795
215 _aXXVIII, 422 с.
_d
305 _aЗагл. ориг.: "De agone christiano", "Enchiridion de fide, spe et caritate", "Sententiae", "Quaestiunculae de trinitate"
310 _aТираж 1200 экз.
314 _aТолько две первые кн. являются подлин. соч. Августина
314 _aНапечатано за счет А.С.Сыромятникова
316 _aЭкз. РНБ (18.81.5.19) в составном картон. пер., оклееном мрамор. бумагой, с кожаными корешком и уголками (уголки частично утрачены). Верхний слой кожи на корешке стерт (корешок частично утрачен). На нижней крышке пер. экслибрис Рус. фонда ГПБ с шифром. На форзаце ярлык с шифром РНБ, наклеенный поверх экслибриса б-ки Смирдина, и ярлык с перечеркнутым старым шифром РНБ. На тит. л. штамп ИБ в венке с короной.
_5NLR: 18.81.5.19
316 _aЭкз. РНБ (138/41) в цельнокожаном пер. Корешок с тиснением и загл.: "Блаженнаго Августина Ручник Мысли". На нижней крышке пер. экслибрис Рус. фонда ГПБ с шифром. На форзаце рукоп. пометы техн. характера. На нахзаце техн. штамп РНБ. На тит. л. большой круглый штамп ГПБ в тройной линейной рамке и прямоугол. штамп "Антирелигиозное отделение Гос. публичной библиотеки". На об. тит. л., с.33 и 422 круглый штамп ГПБ. На с. 422 прямоугол. штамп "Разн. учр."
_5NLR: 138/41
316 _aЭкз. РНБ (РЗФ 18 в. 3/820) в состав. картон. пер., обтянутом мрамор. бумагой, с корич. кож. корешком и уголками. Корешок гладкий, с блинтовым и золотым тиснением, зеленой кож. наклейкой с золотого тиснения загл.: "Ручник". Обрез крапч. синий. На нижней крышке пер. экслибрис РЗФ РНБ с шифром. На нахзаце техн. штамп ГПБ. На тит. л. круглый штамп ГПБ "Дублет". С.XV-XVI ошибочно вплетены перед с.III. Размер: 19,7х12,7х3,1 см
_5NLR: РЗФ 18 в. 3/820
317 _aВ экз. РНБ (18.81.5.19) на форзаце экслибрис б-ки А.Ф. Смирдина с № 72 (Богомолов 14507), частично заклеенный ярлыком с шифром РНБ.
_5NLR: 18.81.5.19
321 1 _aСК XVIII 21
321 1 _aСК XVIII. Т.5. С.296
325 _aКопия доступна в Электрон. б-ке РНБ
454 0 _12001#$aDe agone christiano
_tDe agone christiano
454 0 _12001#$aEnchiridion de fide, spe et caritate
_tEnchiridion de fide, spe et caritate
454 0 _12001#$aSententiae
_tSententiae
454 0 _12001#$aQuaestiunculae de trinitate
_tQuaestiunculae de trinitate
620 _dСанкт-Петербург
700 0 _4070
_8rus
_7ca
_aАвгустин Аврелий
_cепископ Гиппонийский
_f354-430
_3RU\NLR\AUTH\773342
_9113342
702 1 _4730
_7ca
_8rus
_aТодорский
_bИ. С.
_f18 в.
_gИван Степанович
_9183080
_3RU\NLR\AUTH\770183131
702 1 _aСыромятников
_bА.С.
_f-1803
_gАлексей Степанович
_4400
702 0 _6z02702
_aПроспер Аквитанский
_fок. 400-463
_4570
702 0 _6z02702
_aProsperus Aquitanicus
_fок. 400-463
_4570
_7ba
702 1 _4390
_8rus
_7ca
_aСмирдин
_bА. Ф.
_f1795-1857
_gАлександр Филиппович
_3RU\NLR\AUTH\7764528
_947457
712 0 2 _4610
_aПетербургская синодальная типография
_3RU\NLR\AUTH\889940130
_9375089
801 0 _aRU
_bNLR
_c19960511
852 _aNLR
_j18.81.5.19
852 _aNLR
_j138/41
852 _aNLR
_bРЗФ
_j18 в. 3/820
856 0 _uhttps://vivaldi.nlr.ru/bx000025352/view
856 1 _uhttps://vivaldi.nlr.ru/bx000025352/cover
856 2 _uhttps://vivaldi.nlr.ru/bx000025352/text
899 _aКирОУНБ
899 _aВОУНБ
899 _aРГБ
899 _aБАН
899 _aГПИБ
899 _aЯИАМЗ
_y2 экз.
899 _aНБЛ КГУ
942 _cBOOK
980 _aNB
980 3 _akpcivil
980 3 _akp2021
980 3 _akp
980 _aA1XVIIIv
981 2 2 _a(22) Материалы по истории России
_b(22) Религиозные конфессии
981 2 0 _a(20) Книжные памятники РНБ
_b(20) Русский книжный фонд